000 00448nam a2200157 i 4500
001 58853
003 ES-MaACL
005 20230906163914.0
007 t|
008 031024s1970 sp ||||1| spa d
100 1 _aElejalde, Félix.
_946924
245 1 0 _aFuenterrabia /
_cFelix Elejalde "Zozkete".
260 _aSan Sebastián :
_bCaja de Ahorros Municipal,
_c1970.
300 _a90 p., 10 lám. ;
_c20 cm.
852 _aES-MaACL
_jC-49564
_bR.75474
999 _c58853
_d58853